| 000 | 01729nam0a2200325 4500 | ||
|---|---|---|---|
| 001 | RU\NLR\bibl\1846441 | ||
| 005 | 20260405224925.0 | ||
| 010 |
_a978-5-8088-0605-4 _9100 |
||
| 021 |
_aRU _b2011-91269 _96531 |
||
| 035 | _a(NLR Aleph) 001836871 | ||
| 090 |
_a2217443 _c2217443 |
||
| 100 | _a20111211d2010 |||y0rusy50 ca | ||
| 101 | 0 | _arus | |
| 102 | _aRU | ||
| 105 | _ay ||||||||| | ||
| 200 | 1 |
_aМетоды и инструменты финансово-экономических расчетов _eучебное пособие _fВ.Б. Сироткин, В.А. Семенова, Ю.А. Козлова _gМ-во образования и науки Рос. Федерации, Гос. образоват. учреждение высш. проф. образования С.-Петерб. гос. ун-т аэрокосм. приборостроения |
|
| 210 |
_aСанкт-Петербург _cГУАП _d2010 |
||
| 215 |
_a91 с. _d21 |
||
| 320 | _aБиблиогр.: с. 90 (5 назв.) | ||
| 606 | 1 |
_aФинансовые расчеты _jУчебные издания для высших учебных заведений _92113012 _3RU\NLR\auth\661276812 |
|
| 686 | _aУ26(2)в611я73 | ||
| 700 | 1 |
_aСироткин _bВ. Б. _gВладислав Борисович _4070 |
|
| 701 | 1 |
_4070 _7ca _8rus _aСеменова _bВ. А. _cканд. экон. наук _gВероника Алексеевна _9249216 _3RU\NLR\AUTH\770249272 |
|
| 701 | 1 |
_4070 _8rus _7ca _aКозлова _bЮ. А. _cканд. экон. наук _gЮлия Анатольевна _3RU\NLR\AUTH\77102992 _985918 |
|
| 801 | 0 |
_aRU _bNLR _c20111211 _gRCR |
|
| 801 | 1 |
_aRU _bNLR _c20111211 |
|
| 942 | _cBOOK | ||
| 980 | _aNB | ||